| 000 | 00698cam a22002414a 4500 | ||
|---|---|---|---|
| 999 |
_c3517 _d3517 |
||
| 001 | 19928 | ||
| 003 | BD-DhUAP | ||
| 005 | 20200308124416.0 | ||
| 008 | 200308s2016 ii a b 001 0 eng | ||
| 020 | _a9789332555082 | ||
| 040 |
_aDLC _cDLC _bEng _dBD-DhUAP |
||
| 082 |
_223 _a621.38152 STR |
||
| 100 | 1 | _aStreetman, Ben G. | |
| 245 | 1 | 0 |
_aSolid state electronic devices / _cBen G. Streetman and Sanjay Kumar Banerjee. |
| 250 | _a7th ed. | ||
| 260 |
_aNew Delhi : _bPearson, _cc2016. |
||
| 300 |
_a624 pages : _billustrations ; _c25 cm. |
||
| 500 | _aIncludes index. | ||
| 650 | 0 | _aSemiconductors. | |
| 650 | 0 | _aSolid state electronics. | |
| 700 | 1 | _aBanerjee, Sanjay Kumar. | |
| 942 |
_2ddc _cBK |
||